| 000 | 00621nam a2200253Ii 4500 | ||
|---|---|---|---|
| 020 | _a0889360677 | ||
| 040 | _cEEM | ||
| 082 | _a664 INT 1976 A037 Or. | ||
| 245 | 0 | 0 | _aRice, postharvest technology / |
| 260 |
_aOttawa : _bInternational Development Research Centre, _c1976 |
||
| 300 |
_a394 p. : _bill. ; _c25 cm |
||
| 490 | 1 | _aIDRC ; 053e | |
| 500 | _aIncludes index | ||
| 650 | 0 | _aRice | |
| 650 | 0 | _aRice | |
| 650 | 0 | _aRice | |
| 650 | 0 | _aRice | |
| 650 | 0 | _aRice | |
| 650 | 0 | _aRice | |
| 700 | 1 | 0 | _aGraham, Michael |
| 700 | 1 | 0 | _aDe Padua, Dante Barona, |
| 700 | 1 | 0 | _aAraullo, Epifania Valbuena |
| 942 | _cEK | ||
| 999 |
_c11533 _d11533 |
||